Applications, basics and computing of exploratory data analysis
Guardat en:
| Autors principals: | , |
|---|---|
| Format: | Llibre |
| Idioma: | anglès |
| Publicat: |
Boston
Duxbury
1981
|
| Matèries: | |
| Etiquetes: |
Afegir etiqueta
Sense etiquetes, Sigues el primer a etiquetar aquest registre!
|
MARC
| LEADER | 00000nam a2200000 a 4500 | ||
|---|---|---|---|
| 001 | UCW1141 | ||
| 003 | CL-VaPUC | ||
| 008 | 910927e19810000US |||||||||||||||||eng|d | ||
| 082 | 0 | 4 | |a 001.4225 |b VEL |2 21 |
| 100 | 0 | |a Velleman, Paul F |e author |9 305044 | |
| 700 | |a Hoaglin, David C |e author |9 345849 | ||
| 245 | 1 | 0 | |a Applications, basics and computing of exploratory data analysis |
| 300 | |a 354 p | ||
| 942 | |c BK | ||
| 945 | |d 19910927 00:00:00 | ||
| 260 | |a Boston |b Duxbury |c 1981 | ||
| 650 | 0 | |a Estadística |9 259535 | |
| 650 | 0 | |a Proceso de datos |9 259776 | |
| 583 | |a last modification |c 20120528 11:29:37 |k Rodrigo Vera | ||
| 999 | |c 216080 |d 216078 | ||